000 01244nam a2200313 a 4500
001 BRCA_722
005 20190320203124.0
008 950323s1994 mx-a---###---#100-0#spa-#
020 _a9683639895 (Obra completa)
040 _aDLC
_cDLC
_dDLC
041 _aspaengfre
050 4 _aN6502
_b.A78 1993
245 1 0 _aArte, historia e identidad en América
_bvisiones comparativas
_cedición a cargo de Gustavo Curiel, Renato González Mello y Juana Gutiérrez Haces.
260 _aMéxico
_bUNAM, Instituto de Investigaciones Estéticas
_c1994
300 _a3 v.
_bil.
_c27 cm.
440 0 _aEstudios de arte y estética
_v37
_92372
500 _aXVII Coloquio Internacional de Historia del Arte
504 _aIncluye referencias bibliográficas
546 _aTexto en español, inglés y francés
611 2 4 _aColoquio Internacional de Historia del Arte
_n17th
_d1993
_cZacatecas, Zacatecas
_zMéxico
_92373
650 1 4 _aAmérica en arte
_vCongresos
_92374
650 1 4 _aArte europeo
_vCongresos
_92375
650 1 4 _aArtes en América Latina
_vCongresos
_92376
651 4 _aAmérica
_xHistoria
_92377
700 1 _aCuriel, Gustavo
_92378
700 1 _aGonzález Mello, Renato
_92379
700 1 _aGutiérrez Haces, Juana
_92256
942 _2lcc
_cB
999 _c623
_d623